000 01095nam a22001817a 4500
003 OSt
005 20251121160104.0
008 251121b |||||||| |||| 00| 0 eng d
040 _cDCL
082 _a၂၉၄.၃၈၂၄၂
130 _aတိပိဋက။
_pအဘိဓမ္မာပိဋက။
_tသမ္မောဟဝိနောဒနီ၊
_lအဋ္ဌကထာ
_sနိဿယ။
245 _aသမ္မောဟဝိနောဒနီ အဋ္ဌကထာနိဿယ၊
_nပထမတွဲ /
_cအသျှင်စာဂရမထေရ်။
264 _aမန္တလေး ၊
_bမန္တလေးတောင် ပိဋကတ်တော်စာပုံနှိပ်တိုက်၊
_c[၂၀၀၀?]။
300 _a၃၃၁ စာမျက်နှာ ၊
_c၂၅ စင်တီ။
650 _aသမ္မောဟဝိနောဒနီ
_vအဋ္ဌကထာနိဿယ။
700 _aစာဂရမထေရ်၊ အသျှင်
942 _2ddc
_cSHORT TERM
_n0
999 _c2588
_d2588